| 000 | 01143 a2200265 4500 | ||
|---|---|---|---|
| 005 | 20260430092206.0 | ||
| 008 | 260429b |||||||| |||| 00| 0 eng d | ||
| 020 | _a9788177001662 | ||
| 040 |
_aCSL _cCSL |
||
| 041 |
_2eng _aeng |
||
| 084 |
_aD65 Q5;10-;14 _qCSL |
||
| 100 |
_aHussain, Ashfag _91114259 _eauthor |
||
| 245 | _aElectric Machines | ||
| 250 | _a3rd | ||
| 260 |
_aNew Delhi : _bDhanpat Rai & Sons. _c2025, |
||
| 300 |
_axvii, 698 p. _b: ill. _c; 24 cm. |
||
| 500 | _aIncludes appendices and index | ||
| 520 | _aThis book is intended to serve as a textbook for BE/B Tech. degree students. It will also serve as a text reference for the students of diploma in engineering AMIE IETE GATE UPSC engineering services. IAS candidates would also find the book extremely useful. | ||
| 650 |
_aTransformer-i _91235964 |
||
| 650 |
_aThree-phase induction motors _91235965 |
||
| 650 | _2Electromechanical energy conversion | ||
| 650 |
_aPower semiconductor switches _91235967 |
||
| 700 |
_aAshfaq, Haroon _eauthor _91235968 |
||
| 942 |
_cTEXL _2CC _e3rd _hD65 Q5;10-;14 |
||
| 999 |
_c1678820 _d1678820 |
||